| 000 | 01445nam a2200265Ia 4500 | ||
|---|---|---|---|
| 001 | 14104 | ||
| 003 | GE_BSU | ||
| 008 | 181216s||||||||xx |||||||||||||| ||und|| | ||
| 020 | _a9789941434488 | ||
| 040 | _cGE_BSU | ||
| 080 | _a821.111(73)09=821.134.2(7/8).09+821.134.3(81)09 | ||
| 100 | _aდავითაძე,თამილა | ||
| 245 | _aდასავლეთევროპული და ამერიკული ლიტერატურის ისტორიის ძირითადი ტენდენციები. ნ.1 | ||
| 245 | _bXIX საუკუნის დასასრულსა და XX საუკუნის ლიტერატურა. სალექციო კურსი | ||
| 245 | _cრედ.მარინე გიორგაძე | ||
| 260 | _aბათუმი | ||
| 260 | _bშოთა რუსთაველის სახ. უნ–ტი | ||
| 260 | _c2014 | ||
| 300 | _a371გვ.20სმ. | ||
| 541 | _h9ლ.43თ. | ||
| 653 | _aXIX საუკუნის დასასრულსა და XX საუკუნის ლიტერატურა. | ||
| 653 | _aდასავლეთევროპული და ამერიკული ლიტერატურის ისტორიის ძირითადი ტენდენციები | ||
| 653 | _aსალექციო კურსი | ||
| 942 | _cBK | ||
| 999 |
_c47244 _d47244 |
||